000 00351nam a2200133 a 4500
005 20140412111325.0
008 110117s19uu xx 00 eng d
020 _a0-590-97269-3
050 _aBB
_bGo646 1994
100 _aRathman, Peggy
245 _aGood night, Gorilla /
_cPeggy Rathman.
260 _aU.S.A :
_bScholastic,
_c1994.
999 _c104614
_d104614